Guess the football/soccer players (2024) - Statistics

General Stats
  • This quiz has been taken 477 times
    36 since last reset
  • The average score is 13 of 21
Answer Stats
Hint Answer % Correct
Position-STClub-AL Nassr Nation-Portugal Cristiano Ronaldo
100%
Position-RW/STCub-Inter Miami Nation-Argentina Lionel Messi
100%
Position-ST Club-Real Madrid Nation- France Kylian Mbappe
85%
Position-CAM/CMClub-Real Madrid Nation- England Jude Bellingham
77%
Position-RW Club-Real MadridNation-Brazil Rodrygo
77%
Position-CBClub-Liverpool Nation-Netherlands Virgil Van Dijk
73%
Position-STClub-Manchester City Nation-Norway Erling Haaland
69%
Position- CM/CAMClub- Manchester City Nation-Belgium Kevin De Bruyne
69%
Position-CDMClub-Manchester City Nation-Spain Rodri
69%
Position-CM/CAMClub-Bayern Munich Nation-Germany Jamal Musiala
62%
Position-STClub-Bayern Munich Nation-England Harry Kane
58%
Position-RWClub-Liverpool Nation-Egypt Mohammed Salah
58%
Position-STClub-Barcelona Nation-Poland Robert Lewandowski
58%
Position-CMClub-Real Madrid Nation-Croatia Luka Modric
50%
Position-RWClub-Paris Saint-Germain Nation-France Ousmane Dembele
50%
Position- LW Club-Real MadridNation-Brazil Vini Jr
50%
Position-RWClub-Barcelona Nation-Spain Lamine Yamal
46%
Position-LWClub-Barcelona Nation-Brazil Raphinha
42%
Position-CBClub-Arsenal Nation-France William Saliba
42%
Position-CBClub-Real Madrid Nation-Germany Antonio Rudiger
38%
Position-STClub-Atletico Madrid Nation-Argentina Julian Alvarez
31%
No matching quizzes found
Score Distribution
Percent of People with Each Score
Percentile by Number Answered
Your Score History
You have not taken this quiz since the last reset